000
00245nam a22001097a 4500
082
_a
670.42 PUL
100
_a
PULL, E
_9
59345
245
_a
ENGINEERING WORKSHOP MANUAL
260
_a
LONDON
_b
TECHNICAL PRESS
_c
1962
300
_a
289P
942
_c
BK
999
_c
585249
_d
585249